<?xml version="1.0" encoding="UTF-8"?>
<record
    xmlns:xsi="http://www.w3.org/2001/XMLSchema-instance"
    xsi:schemaLocation="http://www.loc.gov/MARC21/slim http://www.loc.gov/standards/marcxml/schema/MARC21slim.xsd"
    xmlns="http://www.loc.gov/MARC21/slim">

  <leader>00658cam a2200217n 44500</leader>
  <controlfield tag="003">OSt</controlfield>
  <controlfield tag="005">20150408113736.0</controlfield>
  <controlfield tag="008">030308s le 00 0 00100ara d</controlfield>
  <datafield tag="040" ind1=" " ind2=" ">
    <subfield code="c">mb</subfield>
  </datafield>
  <datafield tag="041" ind1=" " ind2=" ">
    <subfield code="a">&#x639;&#x631;&#x628;&#x64A;</subfield>
  </datafield>
  <datafield tag="072" ind1=" " ind2=" ">
    <subfield code="a">045</subfield>
    <subfield code="x">&#x627;&#x644;&#x644;&#x63A;&#x629; &#x627;&#x644;&#x639;&#x631;&#x628;&#x64A;&#x629;</subfield>
  </datafield>
  <datafield tag="082" ind1="0" ind2="4">
    <subfield code="a">415.5</subfield>
  </datafield>
  <datafield tag="092" ind1=" " ind2=" ">
    <subfield code="a">415.5</subfield>
    <subfield code="b">&#x631; &#x639; &#x62A;</subfield>
  </datafield>
  <datafield tag="100" ind1="1" ind2=" ">
    <subfield code="a">&#x627;&#x644;&#x631;&#x627;&#x62C;&#x62D;&#x64A; , &#x639;&#x628;&#x62F;&#x647;</subfield>
    <subfield code="9">1137</subfield>
  </datafield>
  <datafield tag="245" ind1="1" ind2="2">
    <subfield code="a">&#x627;&#x644;&#x62A;&#x637;&#x628;&#x64A;&#x642; &#x627;&#x644;&#x635;&#x631;&#x641;&#x64A;/</subfield>
    <subfield code="c">&#x62A;&#x623;&#x644;&#x64A;&#x641; &#x639;&#x628;&#x62F;&#x647; &#x627;&#x644;&#x631;&#x627;&#x62C;&#x62D;&#x64A;</subfield>
  </datafield>
  <datafield tag="257" ind1=" " ind2=" ">
    <subfield code="a">&#x644;&#x628;&#x646;&#x627;&#x646;</subfield>
  </datafield>
  <datafield tag="260" ind1=" " ind2=" ">
    <subfield code="a">&#x628;&#x64A;&#x631;&#x648;&#x62A;:</subfield>
    <subfield code="b">&#x62F;&#x627;&#x631; &#x627;&#x644;&#x646;&#x647;&#x636;&#x629; &#x627;&#x644;&#x639;&#x631;&#x628;&#x64A;&#x629; &#x644;&#x644;&#x637;&#x628;&#x627;&#x639;&#x629; &#x648; &#x627;&#x644;&#x646;&#x634;&#x631;&#x60C;</subfield>
    <subfield code="c">1973</subfield>
  </datafield>
  <datafield tag="300" ind1=" " ind2=" ">
    <subfield code="a">221&#x635;&#x61B;</subfield>
    <subfield code="c">23&#x633;&#x645;</subfield>
  </datafield>
  <datafield tag="650" ind1="0" ind2="4">
    <subfield code="a">&#x627;&#x644;&#x644;&#x63A;&#x629; &#x627;&#x644;&#x639;&#x631;&#x628;&#x64A;&#x629;</subfield>
    <subfield code="x">&#x627;&#x644;&#x635;&#x631;&#x641;</subfield>
    <subfield code="9">101</subfield>
  </datafield>
  <datafield tag="942" ind1=" " ind2=" ">
    <subfield code="2">ddc</subfield>
    <subfield code="c">BOOK</subfield>
  </datafield>
  <datafield tag="999" ind1=" " ind2=" ">
    <subfield code="c">2382</subfield>
    <subfield code="d">236882</subfield>
  </datafield>
  <datafield tag="952" ind1=" " ind2=" ">
    <subfield code="1">0</subfield>
    <subfield code="2">2013-03-10</subfield>
    <subfield code="4">0</subfield>
    <subfield code="7">0</subfield>
    <subfield code="a">415.5  &#x631; &#x639; &#x62A;</subfield>
    <subfield code="d">2011-07-20</subfield>
    <subfield code="h">EMF</subfield>
    <subfield code="i">00022774</subfield>
    <subfield code="m">EMF</subfield>
    <subfield code="r">2013-03-10 00:00:00</subfield>
    <subfield code="t">BOOK</subfield>
    <subfield code="w">ddc</subfield>
    <subfield code="y">0</subfield>
  </datafield>
  <datafield tag="952" ind1=" " ind2=" ">
    <subfield code="1">0</subfield>
    <subfield code="2">2013-03-10</subfield>
    <subfield code="4">0</subfield>
    <subfield code="7">0</subfield>
    <subfield code="a">415.5  &#x631; &#x639; &#x62A;</subfield>
    <subfield code="d">2011-08-05</subfield>
    <subfield code="h">EMF</subfield>
    <subfield code="i">00022738</subfield>
    <subfield code="m">EMF</subfield>
    <subfield code="q">2020-02-18</subfield>
    <subfield code="r">2023-03-23 00:00:00</subfield>
    <subfield code="t">BOOK</subfield>
    <subfield code="w">ddc</subfield>
    <subfield code="y">1</subfield>
  </datafield>
  <datafield tag="952" ind1=" " ind2=" ">
    <subfield code="1">0</subfield>
    <subfield code="2">2013-03-10</subfield>
    <subfield code="4">0</subfield>
    <subfield code="7">0</subfield>
    <subfield code="a">415.5 &#x631; &#x639; &#x62A;</subfield>
    <subfield code="d">2011-08-08</subfield>
    <subfield code="h">EMF</subfield>
    <subfield code="i">00022727</subfield>
    <subfield code="m">EMF</subfield>
    <subfield code="r">2013-03-10 00:00:00</subfield>
    <subfield code="t">BOOK</subfield>
    <subfield code="w">ddc</subfield>
    <subfield code="y">0</subfield>
  </datafield>
  <datafield tag="952" ind1=" " ind2=" ">
    <subfield code="1">0</subfield>
    <subfield code="2">2013-03-10</subfield>
    <subfield code="4">0</subfield>
    <subfield code="7">0</subfield>
    <subfield code="a">415.5 &#x631; &#x639; &#x62A; </subfield>
    <subfield code="d">2011-08-26</subfield>
    <subfield code="h">EMF</subfield>
    <subfield code="i">00021668</subfield>
    <subfield code="m">EMF</subfield>
    <subfield code="r">2013-03-10 00:00:00</subfield>
    <subfield code="t">BOOK</subfield>
    <subfield code="w">ddc</subfield>
    <subfield code="y">0</subfield>
  </datafield>
  <datafield tag="952" ind1=" " ind2=" ">
    <subfield code="1">0</subfield>
    <subfield code="2">2013-03-10</subfield>
    <subfield code="4">0</subfield>
    <subfield code="7">0</subfield>
    <subfield code="a">415.5 &#x631;&#x639; &#x62A; </subfield>
    <subfield code="d">2011-09-06</subfield>
    <subfield code="h">EMF</subfield>
    <subfield code="i">00022663</subfield>
    <subfield code="m">EMF</subfield>
    <subfield code="q">2020-03-02</subfield>
    <subfield code="r">2020-03-08 00:00:00</subfield>
    <subfield code="t">BOOK</subfield>
    <subfield code="w">ddc</subfield>
    <subfield code="y">3</subfield>
  </datafield>
  <datafield tag="952" ind1=" " ind2=" ">
    <subfield code="1">0</subfield>
    <subfield code="2">2013-03-10</subfield>
    <subfield code="4">0</subfield>
    <subfield code="7">0</subfield>
    <subfield code="a">415.5 &#x631;&#x639; &#x62A; </subfield>
    <subfield code="d">2012-04-09</subfield>
    <subfield code="h">EZF</subfield>
    <subfield code="i">00072972</subfield>
    <subfield code="m">EZF</subfield>
    <subfield code="q">2017-03-16</subfield>
    <subfield code="r">2017-03-19 00:00:00</subfield>
    <subfield code="t">BOOK</subfield>
    <subfield code="w">ddc</subfield>
    <subfield code="y">1</subfield>
  </datafield>
  <datafield tag="952" ind1=" " ind2=" ">
    <subfield code="1">0</subfield>
    <subfield code="2">2013-03-10</subfield>
    <subfield code="4">0</subfield>
    <subfield code="7">0</subfield>
    <subfield code="a">415.5 &#x631; &#x639; &#x62A;</subfield>
    <subfield code="d">2012-08-05</subfield>
    <subfield code="h">CL</subfield>
    <subfield code="i">00091898</subfield>
    <subfield code="m">CL</subfield>
    <subfield code="r">2013-03-10 00:00:00</subfield>
    <subfield code="t">BOOK</subfield>
    <subfield code="w">ddc</subfield>
    <subfield code="y">0</subfield>
  </datafield>
  <datafield tag="952" ind1=" " ind2=" ">
    <subfield code="1">0</subfield>
    <subfield code="2">2013-03-10</subfield>
    <subfield code="4">0</subfield>
    <subfield code="7">0</subfield>
    <subfield code="a">415.5 &#x631; &#x639; &#x62A;</subfield>
    <subfield code="d">2012-08-05</subfield>
    <subfield code="h">CL</subfield>
    <subfield code="i">00091897</subfield>
    <subfield code="m">CL</subfield>
    <subfield code="r">2013-03-10 00:00:00</subfield>
    <subfield code="t">BOOK</subfield>
    <subfield code="w">ddc</subfield>
    <subfield code="y">0</subfield>
  </datafield>
</record>
